000 00225 a2200097 4500
001 43486
100 _aShakespeare
245 _aTaming of the Shrew
260 _aLondon
_bCambridge University Press
_c
090 _c27303
_d27303
942 _aNUST-CAE
_cM
_c19229
999 _c278559
_d278559